[Event "Baku President's Cup 3rd"]
[Site "Baku"]
[Date "2008.05.12"]
[Round "1"]
[White "Dzhumaev, Marat"]
[Black "Nikzaban, Ehsan"]
[Result "1-0"]
[WhiteElo "2557"]
[BlackElo "2069"]
[PlyCount "29"]
[EventDate "2008.05.12"]
[EventType "swiss"]
[EventRounds "9"]
[EventCountry "AZE"]
[SourceTitle "CBM 124 Extra"]
[Source "ChessBase"]
[SourceDate "2008.07.03"]
[SourceVersion "1"]
[SourceVersionDate "2008.07.03"]
[SourceQuality "1"]

1. e4 c5 2. Nf3 Nc6 3. Bb5 e6 4. 0-0 a6 5. Bxc6 bxc6 6. c3 d5 7. Qa4 Qc7 8. exd5 exd5 9. Re1+ Be7 10. d4 Kf8 11. dxc5 Bxc5 12. Bf4 Bd6 13. Bxd6+ Qxd6 14. Ne5 c5 15. Ng6+ 1-0